La necesidad del mito: la influencia de los modelos culturales en el mundo contemporaneo

Guardat en:
Dades bibliogràfiques
Autor principal: May, Rollo (autor)
Format: Llibre
Idioma:espanyol
Publicat: Barcelona Paidos 1992
Edició:1a. ed
Col·lecció:Paidos Contexts, 8
Matèries:
Etiquetes: Afegir etiqueta
Sense etiquetes, Sigues el primer a etiquetar aquest registre!

MARC

LEADER 00000cam a2200000 a 4500
001 UCX8939
003 CL-VaPUC
008 940506e19920000SP |||||||||||||||||spa|d
020 |a 8475098371 
082 0 4 |a 154  |b MAY  |2 21 
100 |a May, Rollo  |e autor  |9 583474 
245 1 3 |a La necesidad del mito: la influencia de los modelos culturales en el mundo contemporaneo 
250 |a 1a. ed 
300 |a 297 p 
942 |c BK 
945 |d 19940506 00:00:00  |a rbrito 
260 |a Barcelona  |b Paidos  |c 1992 
650 0 |a Mitología   |9 255719 
650 0 |a Aspectos filosóficos   |9 265456 
650 0 |a Psicoanálisis   |9 265702 
583 |a last modification  |c 20150821 12:34:39  |k Rodrigo Vera 
490 0 |a Paidos Contexts, 8 
999 |c 228303  |d 228301 
952 |0 0  |1 0  |4 0  |6 154_000000000000000_MAY_1992  |7 0  |8 A  |9 228236  |a BIBEDU  |b BIBEDU  |d 2019-11-15  |i 2976471  |l 1  |o 154 MAY 1992  |p 2976471  |r 2023-07-07  |s 2023-07-07  |w 2019-11-15  |y BK  |k EDU 
952 |0 0  |1 0  |3 erb  |4 0  |6 154_000000000000000_MAY_1992  |7 0  |8 A  |9 228237  |a BIBTEO  |b BIBTEO  |e Valenzuela Fuenzalida, Alvaro Miguel, 1932-  |i 5189918  |o 154 MAY 1992  |p 5189918  |r 2025-01-17  |w 2019-11-15  |y BK  |z Catalogado en:20150827  |k ICR